| 000 | 00631nam a2200217Ia 4500 | ||
|---|---|---|---|
| 005 | 20250923145326.0 | ||
| 008 | 008 250917s9999 xx 000 0 eng d | ||
| 037 | _aTextual | ||
| 040 |
_aDSWL _beng _cDSWL |
||
| 041 |
_aeng _2eng |
||
| 084 |
_aYX,A;5-Px211, N69 _qDSWL |
||
| 100 |
_aFreedman, R. _9834098 |
||
| 245 | 0 |
_aFamily planning in Taiwan _c by R. Freedman |
|
| 260 |
_aPrinceton _bUniversity Press N.J. _c1969 |
||
| 300 | _axxvii,501p. | ||
| 365 |
_aUSD _b15 . 0 |
||
| 700 |
_a J.Y. Takeshta _9834099 |
||
| 925 | _g15 . 0 | ||
| 942 |
_cTEXL _hYX,A;5-Px211, N69 |
||
| 999 |
_c1450016 _d1450016 |
||